Stret exekúcií prikázaním pohľadávky z účtu v banke

Guardado en:
Detalles Bibliográficos
Autor principal: Winkler, Martin, 1975-
Otros Autores: Chrenová, Daniela, Končok, Erik, Vimmerová, Helena
Formato: Capítulo de libro
Lenguaje:eslovaco
Etiquetas: Agregar Etiqueta
Sin Etiquetas, Sea el primero en etiquetar este registro!

MARC

LEADER 00000naa a2200000 4500
001 0229144
005 20240502073756.8
041 0 |a slo 
044 |a SK 
245 1 0 |a Stret exekúcií prikázaním pohľadávky z účtu v banke  |c Martin Winkler, Daniela Chrenová, Erik Končok, Helena Vimmerová 
100 1 |a Winkler, Martin, 1975- 
700 1 |a Chrenová, Daniela 
700 1 |a Končok, Erik 
700 1 |a Vimmerová, Helena